Derechos sociales, participación, identidad y género : algunas reflexiones sobre su ejercicio

Guardado en:
Formato: Libro
Publicado: Buenos Aires : Secretaría de la Nación, 2005
Materias:
Etiquetas: Agregar Etiqueta
Sin Etiquetas, Sea el primero en etiquetar este registro!
LEADER 00458nam a22001335a 4500
001 CEM.cems012312
005 20060926153642.0
008 130507s2005##################000#0#####d
003 CEMS
082 0 4 |a F323.4 
245 0 0 |a Derechos sociales, participación, identidad y género :  |b algunas reflexiones sobre su ejercicio 
260 |a Buenos Aires :  |b Secretaría de la Nación,  |c 2005 
653 |a Derechos humanos 
859 |a CEMS  |b BIB. CEMS - 11 de abril  |h F323.4  |i 1  |p 2119.44  |t Ej.1